| 000 | 01296cam a22003254a 4500 | ||
|---|---|---|---|
| 001 | 13098198 | ||
| 003 | ARRUPE | ||
| 005 | 20130919170730.0 | ||
| 008 | 030221s2003 inu b 001 0 eng | ||
| 010 | _a 2003004347 | ||
| 020 | _a0268033587 (cloth) | ||
| 020 | _a0268033595 (paper) | ||
| 040 |
_aDLC _cDLC _dDLC |
||
| 042 | _apcc | ||
| 050 | 0 | 0 |
_aBX1746 _b.T475 2003 |
| 082 | 0 | 0 |
_a262/.02/092 _221 |
| 100 | 1 |
_aThompson, Daniel Speed, _d1964- _9773 |
|
| 245 | 1 | 4 |
_aThe language of dissent : _bEdward Schillebeeckx on the crisis of authority in the Catholic Church / _cDaniel Speed Thompson. |
| 260 |
_aNotre Dame, Ind. : _bUniversity of Notre Dame Press, _c2003. |
||
| 300 |
_axiv, 235 p. ; _c24 cm. |
||
| 504 | _aIncludes bibliographical references (p. 215-225) and index. | ||
| 600 | 1 | 0 |
_aSchillebeeckx, Edward, _d1914-2009. _9774 |
| 610 | 2 | 0 |
_aCatholic Church _xTeaching office. _9775 |
| 610 | 2 | 0 |
_aCatholic Church _xInfallibility. _9776 |
| 650 | 0 |
_aChurch _xAuthority. _9777 |
|
| 856 | 4 | 1 |
_3Table of contents _uhttp://www.loc.gov/catdir/toc/fy043/2003004347.html |
| 906 |
_a7 _bcbc _corignew _d1 _eecip _f20 _gy-gencatlg |
||
| 942 |
_2lcc _cMONOGRAPH |
||
| 999 |
_c117929 _d117929 |
||